| 000 | 00742nam a2200205 i 4500 | ||
|---|---|---|---|
| 001 | bg | ||
| 946 | _uuaktualnienie | ||
| 245 | 0 | 0 |
_aPrzewodnik bibliograficzny 1977-2002. _nCz. 2, _p1977-1982 / _bbibliograficzna baza danych : [dokument elektroniczny]. _cBiblioteka Narodowa |
| 260 |
_aWarszawa : _bBN, _c2003. |
||
| 300 | _a1 dysk optyczny [CD ROM]. | ||
| 500 | _aSystem Obsługi MAK, format MARC BN. | ||
| 650 | 9 |
_aBibliografia bieżąca _zPolska |
|
| 650 | 9 |
_aBibliografia narodowa _zPolska |
|
| 710 | 0 | _aBiblioteka Narodowa | |
| 040 | _cBPK | ||
| 041 | 0 | _apl | |
| 080 | _a015(438)"1978/2001" | ||
| 942 | _cCD | ||
| 008 | s pl f |000 0 pol | ||
| 999 |
_c24028 _d24028 |
||
| 856 |
_uhttp://koha.tu.koszalin.pl/cgi-bin/koha/opac-detail.pl?biblionumber=24028 _yKatalog online BPK |
||